All 10k+ Cities in Uruguay - Statistics

General Stats
  • This quiz has been taken 49 times
  • The average score is 31 of 49
Answers on the Map
Answers color-coded by a green-red scale on the quiz's map according to % correct below.
 
Answer Stats
Department Population Answer % Correct
Montevideo 1,284,699 Montevideo
96%
Rivera 84,775 Rivera
96%
Salto 114,043 Salto
96%
Artigas 43,843 Artigas
88%
Tacuarembó 60,581 Tacuarembó
88%
Canelones 113,252 Ciudad de la Costa
84%
Paysandú 81,489 Paysandú
84%
Durazno 40,279 Durazno
80%
Florida 36,449 Florida
80%
Rocha 26,784 Rocha
80%
Treinta y Tres 25,870 Treinta y Tres
80%
Canelones 24,185 Canelones
76%
Maldonado 102,000 Maldonado
76%
Cerro Largo 55,985 Melo
76%
Maldonado 18,137 Punta del Este
76%
Rocha 13,529 Chuy
72%
Colonia 32,159 Colonia del Sacramento
72%
Río Negro 26,951 Fray Bentos
72%
Soriano 43,528 Mercedes
72%
Lavalleja 38,633 Minas
72%
Colonia 19,915 Carmelo
68%
Flores 22,893 Trinidad
68%
Canelones 22,592 18 de Mayo
64%
Artigas 16,166 Bella Unión
64%
Canelones 61,246 Las Piedras
64%
Canelones 31,163 Pando
64%
Soriano 18,447 Dolores
60%
San José 12,971 Libertad
60%
Maldonado 12,144 Piriápolis
60%
Colonia 10,584 Rosario
60%
Maldonado 30,280 San Carlos
60%
San José 38,550 San José de Mayo
60%
Río Negro 17,814 Young
60%
San José 38,249 Ciudad del Plata
56%
Colonia 12,397 Juan Lacaze
56%
Canelones 19,132 La Paz
56%
Colonia 11,740 Nueva Helvecia
56%
Cerro Largo 17,379 Río Branco
56%
Canelones 17,381 Santa Lucía
56%
Colonia 10,775 Nueva Palmira
52%
Tacuarembó 14,210 Paso de los Toros
52%
Paysandú 10,170 Nuevo Paysandú
44%
Canelones 35,660 Barros Blancos
32%
Canelones 11,582 Colonia Nicolich
32%
Canelones 11,540 Progreso
32%
Canelones 11,700 Salinas
32%
Canelones 17,586 Paso de Carrasco
28%
Canelones 13,142 Parque del Plata
24%
Canelones 10,609 Villa Crespo y San Andrés
20%
No matching quizzes found
Score Distribution
Percent of People with Each Score
Percentile by Number Answered
Your Score History
You have not taken this quiz